000 00426pab a2200157 454500
008 180718b2004 xxu||||| |||| 00| 0 eng d
100 _aAngrist, Joshua D.
245 _aDoes school integration generate peer effects? Evidence from Boston's Metco program
260 _c2004
300 _ap.1613-634.
362 _aDec
650 _aSchools
700 _aLang, Kevin
773 _aAmerican Economic Review
909 _a64473
999 _c64473
_d64473